Education in India/ (Record no. 196499)

MARC details
000 -LEADER
fixed length control field 00521nam a22001817a 4500
005 - DATE AND TIME OF LATEST TRANSACTION
control field 20230705160758.0
010 ## - LCCN (DPL NO)
LC control number ENG-137297
020 ## - INTERNATIONAL STANDARD BOOK NUMBER
International Standard Book Number 8189102885
Terms of availability 350.00
035 ## - SYSTEM CONTROL NUMBER
System control number EN-120829
037 ## - SOURCE OF ACQUISITION
Source of stock number/acquisition DBAD/PUB
082 ## - DEWEY DECIMAL CLASSIFICATION NUMBER
Classification number 370.954
100 ## - MAIN ENTRY--PERSONAL NAME
Personal name Sharma, Pawan
245 ## - TITLE STATEMENT
Title Education in India/
Statement of responsibility, etc by Pawan Sharma
260 ## - PUBLICATION, DISTRIBUTION, ETC. (IMPRINT)
Place of publication, distribution, etc Delhi
Name of publisher, distributor, etc Vishal Kaushik Printers
Date of publication, distribution, etc 2010
270 ## - ADDRESS
Address A49, Gali No. 6, Jagat Puri Ext.,
City Delhi
Postal code 110093
300 ## - PHYSICAL DESCRIPTION
Extent 229pg
Dimensions 21.2cm(pbk)
942 ## - ADDED ENTRY ELEMENTS (KOHA)
Source of classification or shelving scheme Dewey Decimal Classification
Item type English Books
Call number suffix SHA
Classification part 370.954
Holdings
Withdrawn status Lost status Not for loan Collection code Home library Current library Date acquired Source of acquisition Cost, normal purchase price Full call number Barcode Copy number Koha item type
      Non-fiction Narela Narela 05/07/2023 DBAD/PUB 350.00 370.954 SHA EN-120829 1 English Books

© Delhi Public Library
Hit Counter
free hit counter